[Event "Krefeld op"]
[Site "Krefeld"]
[Date "2023.08.06"]
[Round "8"]
[White "Korchynskyi, Mykola"]
[Black "Schiffer, Stefan"]
[Result "0-1"]
[WhiteElo "2016"]
[BlackElo "2228"]
[PlyCount "76"]
[EventDate "2023.08.02"]
[EventType "swiss"]
[EventRounds "9"]
[EventCountry "GER"]
[SourceTitle "CBM 215 Extra"]
[Source "ChessBase"]
[SourceDate "2023.09.30"]
[SourceVersion "1"]
[SourceVersionDate "2023.09.30"]
[SourceQuality "1"]

1. e4 e6 2. d4 d5 3. Nc3 Nf6 4. Bg5 Be7 5. e5 Nfd7 6. Bxe7 Qxe7 7. f4 a6 8. Nf3 c5 9. Be2 Nc6 10. Qd2 b5 11. a3 0-0 12. 0-0 Bb7 13. Nd1 cxd4 14. Nf2 Rac8 15. Nd3 Nc5 16. Nxc5 Qxc5 17. Bd3 a5 18. g4 f6 19. Rae1 Rce8 20. Qg2 fxe5 21. Nxe5 Nxe5 22. Rxe5 b4 23. axb4 axb4 24. Qh3 g6 25. Qg3 Qb6 26. h4 Ba6 27. Rfe1 b3 28. f5 bxc2 29. fxg6 Qxb2 30. gxh7+ Kh8 31. Rg5 e5 32. Rgxe5 c1Q 33. Bxa6 Qbc3 34. Qxc3 Qxc3 35. Rxe8 Qg3+ 36. Kh1 Qxh4+ 37. Kg1 Qxg4+ 38. Kh1 Qh5+ 0-1

[Event "Krefeld op"]
[Site "Krefeld"]
[Date "2023.08.06"]
[Round "9"]
[White "Schiffer, Stefan"]
[Black "Hoffmann, Sebastian1111"]
[Result "1/2-1/2"]
[WhiteElo "2228"]
[BlackElo "2179"]
[PlyCount "109"]
[EventDate "2023.08.02"]
[EventType "swiss"]
[EventRounds "9"]
[EventCountry "GER"]
[SourceTitle "CBM 215 Extra"]
[Source "ChessBase"]
[SourceDate "2023.09.30"]
[SourceVersion "1"]
[SourceVersionDate "2023.09.30"]
[SourceQuality "1"]

1. e4 c6 2. d4 d5 3. exd5 cxd5 4. Bd3 Nc6 5. c3 Qc7 6. h3 g6 7. Ne2 Bf5 8. Bf4 Qd7 9. Bxf5 Qxf5 10. Qb3 Qd7 11. Nd2 Bg7 12. 0-0 Nf6 13. Nf3 0-0 14. Rad1 Ne4 15. Ng3 Nxg3 16. Bxg3 Rac8 17. Rfe1 e6 18. h4 Na5 19. Qc2 Nc4 20. Be5 Nxe5 21. Nxe5 Qe7 22. g3 b5 23. Qb3 b4 24. cxb4 Bxe5 25. Rxe5 Rc4 26. a3 Rfc8 27. Re2 Qc7 28. Red2 Qb6 29. Qe3 Qc6 30. Kg2 Rc1 31. h5 Rxd1 32. Rxd1 Qc2 33. Rh1 Qe4+ 34. Qxe4 dxe4 35. hxg6 hxg6 36. Re1 f5 37. Re2 Kf7 38. f3 Rc4 39. fxe4 Rxd4 40. exf5 gxf5 41. Rc2 e5 42. Rc7+ Kf6 43. Rxa7 e4 44. Ra6+ Kg5 45. Ra8 Rd2+ 46. Kh3 Rxb2 47. Rg8+ Kf6 48. Re8 Rb3 49. Kg2 Rxa3 50. g4 f4 51. Rxe4 Kg5 52. Re8 Ra2+ 53. Kf3 Ra3+ 54. Kf2 Kxg4 55. Rg8+ 1/2-1/2

[Event "Krefeld op"]
[Site "Krefeld"]
[Date "2023.08.05"]
[Round "6"]
[White "Schiffer, Stefan"]
[Black "Macarie, Paul Andrei"]
[Result "1-0"]
[WhiteElo "2228"]
[BlackElo "1863"]
[PlyCount "121"]
[EventDate "2023.08.02"]
[EventType "swiss"]
[EventRounds "9"]
[EventCountry "GER"]
[SourceTitle "CBM 215 Extra"]
[Source "ChessBase"]
[SourceDate "2023.09.30"]
[SourceVersion "1"]
[SourceVersionDate "2023.09.30"]
[SourceQuality "1"]

1. e4 c5 2. Nf3 g6 3. g3 Bg7 4. Bg2 Nc6 5. 0-0 d6 6. c3 e5 7. Na3 Nge7 8. Nc2 0-0 9. d4 cxd4 10. cxd4 f5 11. dxe5 dxe5 12. Qe2 Be6 13. Ng5 Qc8 14. exf5 Nxf5 15. Rd1 Kh8 16. Be3 Bg8 17. Rac1 Nxe3 18. Qxe3 Qf5 19. Bh3 Qf6 20. Ne4 Qf3 21. Qxf3 Rxf3 22. Bg2 Rff8 23. b3 Bh6 24. Ne3 Nd4 25. Rc7 Rf7 26. Rxf7 Bxf7 27. Nd6 Be6 28. Nec4 Bg7 29. Nxb7 Rf8 30. Nbd6 Ne2+ 31. Kf1 Nc3 32. Rd2 e4 33. Nxe4 Nxe4 34. Bxe4 Bc3 35. Rd6 Bh3+ 36. Ke2 Bb4 37. Rc6 a5 38. Ra6 Rd8 39. f3 Kg7 40. g4 Kh6 41. a3 Bc3 42. Nxa5 Rd2+ 43. Ke3 Rxh2 44. Nc4 Bf1 45. Bd3 Bh3 46. b4 Kg5 47. b5 Rh1 48. Be2 Rb1 49. a4 Be1 50. Rd6 Bb4 51. Rd5+ Kh4 52. b6 h5 53. Rb5 hxg4 54. b7 Bc5+ 55. Ke4 Rxb5 56. axb5 Ba7 57. fxg4 Kg3 58. Ne5 Bg2+ 59. Bf3 Bb8 60. Bxg2 Kxg2 61. Nc6 1-0

[Event "Krefeld op"]
[Site "Krefeld"]
[Date "2023.08.04"]
[Round "4"]
[White "Schiffer, Stefan"]
[Black "Bilenko, Yaroslav"]
[Result "1/2-1/2"]
[WhiteElo "2228"]
[BlackElo "2062"]
[PlyCount "111"]
[EventDate "2023.08.02"]
[EventType "swiss"]
[EventRounds "9"]
[EventCountry "GER"]
[SourceTitle "CBM 215 Extra"]
[Source "ChessBase"]
[SourceDate "2023.09.30"]
[SourceVersion "1"]
[SourceVersionDate "2023.09.30"]
[SourceQuality "1"]

1. e4 c5 2. Nf3 d6 3. Bb5+ Nd7 4. d4 cxd4 5. Qxd4 a6 6. Bxd7+ Bxd7 7. c4 Nf6 8. Nc3 g6 9. 0-0 Bg7 10. Be3 0-0 11. Qd3 Rc8 12. Rac1 Qa5 13. Bd2 Be6 14. b3 Nd7 15. Rfe1 Nc5 16. Qe2 Qd8 17. Rcd1 b5 18. cxb5 Nxb3 19. axb3 Bxc3 20. Bxc3 Rxc3 21. bxa6 Qb6 22. Ra1 Ra8 23. e5 Rxb3 24. exd6 Rb2 25. Qe3 exd6 26. a7 Qxe3 27. Rxe3 Ra2 28. Rxa2 Bxa2 29. Ra3 Bd5 30. Nd4 Rc8 31. f3 Kf8 32. Nb5 Ke7 33. Rd3 Ke6 34. Kf2 Ba8 35. Rxd6+ Ke7 36. Rb6 Kd7 37. Rb8 Bc6 38. Nd6 Rc7 39. Nb7 Rxb7 40. a8Q Rb2+ 41. Rxb2 Bxa8 42. Rb8 Bd5 43. Rh8 h5 44. Ke3 Ke6 45. Kf4 Kf6 46. h4 Bb3 47. Rb8 Bc4 48. Rb6+ Kg7 49. Kg5 Bf1 50. g4 hxg4 51. fxg4 Be2 52. Rf6 Bxg4 53. Rxf7+ Kxf7 54. Kxg4 Kf6 55. h5 gxh5+ 56. Kxh5 1/2-1/2

[Event "GER-ch Net Amateur Gr-A Vor1"]
[Site "Playchess.com INT"]
[Date "2020.04.14"]
[Round "2"]
[White "Kaufeld, Juergen"]
[Black "Schiffer, Stefan"]
[Result "1-0"]
[WhiteElo "2200"]
[BlackElo "1963"]
[PlyCount "49"]
[EventDate "2020.04.14"]
[EventType "swiss (blitz)"]
[EventRounds "9"]
[EventCountry "GER"]
[SourceTitle "EXT 2021"]
[Source "ChessBase"]
[SourceDate "2020.10.23"]
[SourceVersion "1"]
[SourceVersionDate "2020.10.23"]
[SourceQuality "1"]

1. e4 c5 2. Nf3 Nc6 3. Bb5 e6 4. 0-0 Nge7 5. Re1 d6 6. c3 Bd7 7. d4 cxd4 8. cxd4 d5 9. Nc3 dxe4 10. Nxe4 Nd5 11. Bg5 Qb6 12. Bxc6 bxc6 13. Ne5 Be7 14. Bxe7 Kxe7 15. Nc5 Nf6 16. Qf3 Be8 17. Qa3 Kd8 18. Rac1 Rb8 19. b3 a5 20. Rc4 h5 21. Na4 Qb5 22. Qd6+ Bd7 23. Nxf7+ Ke8 24. Nxh8 Ng4 25. Nc5 1-0

[Event "GER-ch Net Amateur Gr-A Vor1"]
[Site "Playchess.com INT"]
[Date "2020.04.14"]
[Round "9"]
[White "Serrer, Christoph"]
[Black "Schiffer, Stefan"]
[Result "1-0"]
[WhiteElo "2079"]
[BlackElo "1963"]
[PlyCount "59"]
[EventDate "2020.04.14"]
[EventType "swiss (blitz)"]
[EventRounds "9"]
[EventCountry "GER"]
[SourceTitle "EXT 2021"]
[Source "ChessBase"]
[SourceDate "2020.10.23"]
[SourceVersion "1"]
[SourceVersionDate "2020.10.23"]
[SourceQuality "1"]

1. c4 Nf6 2. g3 e6 3. Bg2 Be7 4. Nf3 0-0 5. 0-0 b6 6. d4 Bb7 7. Nc3 Ne4 8. Nxe4 Bxe4 9. Ne1 Bxg2 10. Nxg2 d6 11. e4 Nd7 12. b3 e5 13. Bb2 exd4 14. Bxd4 Bf6 15. Ne3 Re8 16. f3 Nc5 17. Bxf6 Qxf6 18. Nd5 Qd8 19. Qd2 c6 20. Ne3 Qc7 21. Rfd1 Rad8 22. Rac1 Re6 23. b4 Nd7 24. Kg2 Nf6 25. Nf5 g6 26. Nd4 Re5 27. Qc3 a5 28. a3 c5 29. Nb5 Nh5 30. Nxc7 1-0

[Event "GER-ch Net blitz qual4"]
[Site "Playchess.com INT"]
[Date "2020.03.23"]
[Round "2"]
[White "Ermitsch, Magnus"]
[Black "Schiffer, Stefan"]
[Result "1-0"]
[WhiteElo "2000"]
[BlackElo "2247"]
[PlyCount "24"]
[EventDate "2020.03.23"]
[EventType "swiss (blitz)"]
[EventRounds "9"]
[EventCountry "GER"]
[SourceTitle "CBM 195 Extra"]
[Source "ChessBase"]
[SourceDate "2020.05.31"]
[SourceVersion "1"]
[SourceVersionDate "2020.05.31"]
[SourceQuality "1"]

1. e4 c5 2. Nf3 Nc6 3. d4 cxd4 4. Nxd4 g6 5. Nxc6 bxc6 6. Qd4 Nf6 7. e5 Nd5 8. Nc3 Nxc3 9. e6 f6 10. exd7+ Qxd7 11. Qxc3 Bg7 12. Bc4 f5 1-0

[Event "GER-ch Net blitz qual4"]
[Site "Playchess.com INT"]
[Date "2020.03.23"]
[Round "8"]
[White "Lerch, Martin Erik"]
[Black "Schiffer, Stefan"]
[Result "1-0"]
[WhiteElo "1861"]
[BlackElo "2247"]
[PlyCount "51"]
[EventDate "2020.03.23"]
[EventType "swiss (blitz)"]
[EventRounds "9"]
[EventCountry "GER"]
[SourceTitle "CBM 195 Extra"]
[Source "ChessBase"]
[SourceDate "2020.05.31"]
[SourceVersion "1"]
[SourceVersionDate "2020.05.31"]
[SourceQuality "1"]

1. e4 c5 2. Nc3 Nc6 3. f4 g6 4. Nf3 Bg7 5. g3 d6 6. Bg2 Nf6 7. d3 0-0 8. 0-0 Rb8 9. h3 b5 10. g4 b4 11. Ne2 Ba6 12. b3 e5 13. f5 Nd7 14. g5 f6 15. Ng3 fxg5 16. Nxg5 Nd4 17. h4 Bc8 18. h5 Nf6 19. hxg6 hxg6 20. fxg6 Qe8 21. Nf7 Rxf7 22. gxf7+ Qxf7 23. Be3 Bg4 24. Qd2 Ne6 25. Nf5 Qg6 26. Ne7+ 1-0

[Event "GER-ch Net blitz qual4"]
[Site "Playchess.com INT"]
[Date "2020.03.23"]
[Round "4"]
[White "Schubert, Joachim"]
[Black "Schiffer, Stefan"]
[Result "0-1"]
[WhiteElo "1881"]
[BlackElo "2247"]
[PlyCount "86"]
[EventDate "2020.03.23"]
[EventType "swiss (blitz)"]
[EventRounds "9"]
[EventCountry "GER"]
[SourceTitle "CBM 195 Extra"]
[Source "ChessBase"]
[SourceDate "2020.05.31"]
[SourceVersion "1"]
[SourceVersionDate "2020.05.31"]
[SourceQuality "1"]

1. e4 c5 2. Nf3 Nc6 3. d4 cxd4 4. Nxd4 g6 5. c3 Bg7 6. Be3 Nf6 7. f3 0-0 8. Bc4 d5 9. exd5 Nxd5 10. Bxd5 Qxd5 11. Nxc6 Qxc6 12. 0-0 Bf5 13. Qe1 Rfe8 14. Nd2 e5 15. Nb3 b6 16. Rd1 Bc2 17. Rd2 Bxb3 18. axb3 e4 19. f4 f5 20. Qf2 Rad8 21. Rfd1 Qc7 22. g3 Bf6 23. Rxd8 Rxd8 24. Bd4 Rd5 25. Qe3 Qd7 26. Rd2 Bxd4 27. Rxd4 Rxd4 28. cxd4 Qd5 29. Kf2 Kg7 30. Qc3 Kh6 31. Ke3 b5 32. h3 a5 33. Ke2 a4 34. bxa4 bxa4 35. Qb4 Qc6 36. Qf8+ Kh5 37. Qb4 Qc2+ 38. Qd2 Qxd2+ 39. Kxd2 Kh6 40. Kc3 Kg7 41. Kb4 Kf7 42. Kxa4 e3 43. d5 e2 0-1

[Event "GER-ch Net blitz qual3"]
[Site "Playchess.com INT"]
[Date "2020.03.21"]
[Round "3"]
[White "Costa, Leonardo"]
[Black "Schiffer, Stefan"]
[Result "1-0"]
[WhiteElo "2091"]
[BlackElo "2247"]
[PlyCount "65"]
[EventDate "2020.03.21"]
[EventType "swiss (blitz)"]
[EventRounds "9"]
[EventCountry "GER"]
[SourceTitle "CBM 195 Extra"]
[Source "ChessBase"]
[SourceDate "2020.05.31"]
[SourceVersion "1"]
[SourceVersionDate "2020.05.31"]
[SourceQuality "1"]

1. e4 c5 2. Nf3 Nc6 3. d4 cxd4 4. Nxd4 g6 5. c4 Bg7 6. Be3 Nf6 7. Nc3 Ng4 8. Qxg4 Nxd4 9. Qd1 e5 10. Bd3 0-0 11. 0-0 d6 12. Ne2 Be6 13. Rc1 Rc8 14. b3 Qa5 15. Bb1 Nxe2+ 16. Qxe2 Rfd8 17. Rfd1 a6 18. Rd2 b5 19. Rdc2 bxc4 20. bxc4 f5 21. f3 Rd7 22. c5 dxc5 23. Rxc5 Rxc5 24. Rxc5 Qa4 25. Qc2 Qxc2 26. Bxc2 Bxa2 27. exf5 Bf7 28. fxg6 hxg6 29. Ra5 Rc7 30. Be4 Rc3 31. Kf2 Bc4 32. Rc5 Bf8 33. Rxc4 1-0

[Event "GER-ch Net blitz qual3"]
[Site "Playchess.com INT"]
[Date "2020.03.21"]
[Round "7"]
[White "Schiffer, Stefan"]
[Black "Ehmann, Thilo"]
[Result "0-1"]
[WhiteElo "2247"]
[BlackElo "2330"]
[PlyCount "106"]
[EventDate "2020.03.21"]
[EventType "swiss (blitz)"]
[EventRounds "9"]
[EventCountry "GER"]
[SourceTitle "CBM 195 Extra"]
[Source "ChessBase"]
[SourceDate "2020.05.31"]
[SourceVersion "1"]
[SourceVersionDate "2020.05.31"]
[SourceQuality "1"]

1. d4 Nf6 2. Nf3 c5 3. e3 g6 4. h4 Bg7 5. c3 b6 6. Be2 Bb7 7. Nbd2 d6 8. Nf1 Nbd7 9. Ng3 h5 10. Qb3 a6 11. Ng5 d5 12. e4 cxd4 13. cxd4 e6 14. e5 Nh7 15. Be3 Qe7 16. 0-0-0 0-0-0 17. Kb1 Kb8 18. Rc1 Nxg5 19. Bxg5 f6 20. exf6 Bxf6 21. Bf4+ e5 22. dxe5 Bxe5 23. Bg5 Bf6 24. Bf4+ Ka7 25. Rc7 Rc8 26. Rhc1 Rxc7 27. Rxc7 Rc8 28. Qc2 Rxc7 29. Qxc7 Qd8 30. Qxd8 Bxd8 31. Bd3 Bxh4 32. Bxg6 d4 33. Bxh5 Bxg2 34. Bg6 Bd5 35. Kc2 Bxa2 36. b3 Nc5 37. Be5 Bxb3+ 38. Kb2 d3 39. Bf4 a5 40. Be3 Bc2 41. Kc3 Na4+ 42. Kd2 Nb2 43. Ne4 Nc4+ 44. Kc3 Nxe3 45. fxe3 Be1+ 46. Kb2 b5 47. Nc3 b4 48. Nb5+ Kb6 49. Nd4 Bc3+ 50. Kc1 Bxd4 51. exd4 Kb5 52. Kd2 Kc4 53. d5 Kxd5 0-1

[Event "GER-ch Net blitz qual3"]
[Site "Playchess.com INT"]
[Date "2020.03.21"]
[Round "4"]
[White "Schiffer, Stefan"]
[Black "Marmann, Jan"]
[Result "1-0"]
[WhiteElo "2247"]
[BlackElo "1588"]
[PlyCount "73"]
[EventDate "2020.03.21"]
[EventType "swiss (blitz)"]
[EventRounds "9"]
[EventCountry "GER"]
[SourceTitle "CBM 195 Extra"]
[Source "ChessBase"]
[SourceDate "2020.05.31"]
[SourceVersion "1"]
[SourceVersionDate "2020.05.31"]
[SourceQuality "1"]

1. e4 e5 2. Nf3 Nf6 3. Nxe5 d6 4. Nf3 Nxe4 5. d3 Nf6 6. d4 d5 7. Bd3 Bd6 8. Qe2+ Be6 9. c4 c6 10. Ng5 Qd7 11. Nc3 0-0 12. Nxe6 fxe6 13. 0-0 Na6 14. a3 Rae8 15. Be3 Qc7 16. g3 Nb8 17. Rae1 e5 18. dxe5 Bxe5 19. cxd5 Bxc3 20. bxc3 Nxd5 21. Qa2 Kh8 22. Bd2 Nd7 23. Qc2 N7f6 24. c4 Nb6 25. Bf4 Qd7 26. Rd1 Qh3 27. f3 Nbd7 28. Bf5 Qh5 29. Bxd7 Nxd7 30. Rxd7 b5 31. Qc3 Qg6 32. cxb5 Rxf4 33. bxc6 Rc8 34. c7 Rff8 35. Rfd1 Qb6+ 36. Kg2 Rxc7 37. Qxg7# 1-0

[Event "GER-ch Net blitz qual2"]
[Site "Playchess.com INT"]
[Date "2020.03.16"]
[Round "9"]
[White "Colpe, Malte"]
[Black "Schiffer, Stefan"]
[Result "1-0"]
[WhiteElo "2362"]
[BlackElo "2247"]
[PlyCount "65"]
[EventDate "2020.03.16"]
[EventType "swiss (blitz)"]
[EventRounds "9"]
[EventCountry "GER"]
[SourceTitle "CBM 195 Extra"]
[Source "ChessBase"]
[SourceDate "2020.05.31"]
[SourceVersion "1"]
[SourceVersionDate "2020.05.31"]
[SourceQuality "1"]

1. d4 Nf6 2. c4 e6 3. g3 c5 4. d5 exd5 5. cxd5 d6 6. Nc3 g6 7. Bg2 Bg7 8. Nf3 0-0 9. 0-0 Re8 10. Bf4 Ne4 11. Nxe4 Rxe4 12. Nd2 Rxf4 13. gxf4 Bxb2 14. Rb1 Bg7 15. e4 b5 16. Qf3 Nd7 17. Qg3 Qf6 18. Rfe1 a6 19. a4 Rb8 20. e5 dxe5 21. fxe5 Nxe5 22. Ne4 Qd8 23. Nxc5 Bf5 24. Rbd1 Rc8 25. Nxa6 bxa4 26. Rxe5 a3 27. Ree1 Qa5 28. Nb8 a2 29. Nc6 Qa3 30. Ne7+ Kh8 31. Nxc8 a1Q 32. Rxa1 Bxa1 33. Qxa3 1-0

[Event "GER-ch Net blitz qual2"]
[Site "Playchess.com INT"]
[Date "2020.03.16"]
[Round "2"]
[White "Hierl, Johannes"]
[Black "Schiffer, Stefan"]
[Result "0-1"]
[WhiteElo "1363"]
[BlackElo "2247"]
[PlyCount "98"]
[EventDate "2020.03.16"]
[EventType "swiss (blitz)"]
[EventRounds "9"]
[EventCountry "GER"]
[SourceTitle "CBM 195 Extra"]
[Source "ChessBase"]
[SourceDate "2020.05.31"]
[SourceVersion "1"]
[SourceVersionDate "2020.05.31"]
[SourceQuality "1"]

1. d4 Nf6 2. Bf4 e6 3. e3 b6 4. c3 Bb7 5. Nf3 Be7 6. Nbd2 0-0 7. Bd3 d6 8. Qc2 Nbd7 9. Bg3 c5 10. 0-0 Re8 11. Bb5 a6 12. Bxd7 Qxd7 13. dxc5 dxc5 14. Rad1 Qc6 15. Nc4 Rad8 16. Nce5 Qc8 17. Rxd8 Rxd8 18. Rd1 Be4 19. Rxd8+ Qxd8 20. Qd2 h6 21. Qxd8+ Bxd8 22. Nc4 b5 23. Nce5 Bd5 24. b3 Ne4 25. c4 Bb7 26. Nd7 Bc6 27. Nfe5 Bxd7 28. Nxd7 Be7 29. cxb5 axb5 30. Nb6 Nc3 31. Nc8 Bf8 32. Bd6 Nxa2 33. Bxf8 Kxf8 34. Nd6 b4 35. Kf1 Nc1 36. Ke1 Nxb3 37. Ke2 Na5 38. Kd3 Ke7 39. Nc8+ Kd7 40. Nb6+ Kc6 41. Nc4 Nxc4 42. Kxc4 e5 43. f4 exf4 44. exf4 f5 45. h3 Kd6 46. g4 g6 47. gxf5 gxf5 48. h4 h5 49. Kb5 Kd5 0-1

[Event "GER-ch Net blitz qual2"]
[Site "Playchess.com INT"]
[Date "2020.03.16"]
[Round "8"]
[White "Schiffer, Stefan"]
[Black "Michel, Steffen"]
[Result "1/2-1/2"]
[WhiteElo "2247"]
[BlackElo "2148"]
[PlyCount "116"]
[EventDate "2020.03.16"]
[EventType "swiss (blitz)"]
[EventRounds "9"]
[EventCountry "GER"]
[SourceTitle "CBM 195 Extra"]
[Source "ChessBase"]
[SourceDate "2020.05.31"]
[SourceVersion "1"]
[SourceVersionDate "2020.05.31"]
[SourceQuality "1"]

1. e4 d6 2. Nf3 Nf6 3. d3 e5 4. g3 c6 5. Bg2 g6 6. 0-0 Bg7 7. b3 0-0 8. Nbd2 a5 9. a4 Na6 10. Qe2 Bg4 11. h3 Bd7 12. Ba3 Qc7 13. Nc4 Ne8 14. Rad1 b5 15. Ne3 bxa4 16. bxa4 c5 17. Nd5 Qd8 18. c3 Bxa4 19. Ra1 Bc6 20. Bb2 Nf6 21. d4 Nxd5 22. exd5 Bxd5 23. c4 Bxf3 24. Bxf3 Rb8 25. dxc5 Nxc5 26. Bd5 Rxb2 27. Qxb2 e4 28. Qb5 Bxa1 29. Rxa1 a4 30. Kg2 Qf6 31. Ra3 Kg7 32. Qa5 Re8 33. Qc7 Re5 34. Re3 Qe7 35. Qa5 f5 36. Qa8 Qe8 37. Qa7+ Qe7 38. Qb8 Kh6 39. Qb1 g5 40. Qc1 Kg6 41. Re1 h6 42. Qb1 Nd3 43. Re2 f4 44. Rxe4 Rxe4 45. Qxd3 Kf5 46. g4+ Kf6 47. Qxe4 Qxe4+ 48. Bxe4 a3 49. Bb1 Ke5 50. Kf3 d5 51. cxd5 Kxd5 52. Ba2+ Kd4 53. Ke2 Ke4 54. Bg8 Kd4 55. f3 Kc3 56. Bf7 Kc2 57. Bg8 Kc3 58. Bf7 Kc2 1/2-1/2

[Event "GER-ch Net blitz qual2"]
[Site "Playchess.com INT"]
[Date "2020.03.16"]
[Round "7"]
[White "Schulz, Karsten"]
[Black "Schiffer, Stefan"]
[Result "1-0"]
[WhiteElo "2301"]
[BlackElo "2247"]
[PlyCount "89"]
[EventDate "2020.03.16"]
[EventType "swiss (blitz)"]
[EventRounds "9"]
[EventCountry "GER"]
[SourceTitle "CBM 195 Extra"]
[Source "ChessBase"]
[SourceDate "2020.05.31"]
[SourceVersion "1"]
[SourceVersionDate "2020.05.31"]
[SourceQuality "1"]

1. Nf3 Nf6 2. g3 e6 3. Bg2 b6 4. c4 Bb7 5. b3 Be7 6. Bb2 0-0 7. 0-0 d6 8. d3 Nbd7 9. e4 e5 10. Nc3 Re8 11. Nd5 Bf8 12. h3 g6 13. Qd2 Bg7 14. Rfe1 Rc8 15. Kh2 c6 16. Nxf6+ Nxf6 17. Rad1 c5 18. Ng1 Qd7 19. Rf1 Re7 20. Ne2 Rf8 21. f4 exf4 22. Nxf4 Bc8 23. Bxf6 Bxf6 24. Nd5 Bg7 25. Nxe7+ Qxe7 26. Rf3 Be5 27. Rdf1 Qh4 28. Qf2 Be6 29. Kg1 Qe7 30. Qe2 Qg5 31. Kh2 Qh4 32. Rf4 Qe7 33. Qf3 Bxf4 34. Qxf4 Bd7 35. g4 Qe5 36. Qxe5 dxe5 37. Kg3 Rd8 38. Kf2 b5 39. Ke3 b4 40. Rf6 Be6 41. Rf1 a5 42. a3 Rb8 43. Ra1 a4 44. axb4 axb3 45. b5 1-0

[Event "Pfalz op-A 11th"]
[Site "Neustadt an der Weinstrasse"]
[Date "2020.02.24"]
[Round "7"]
[White "Lubbe, Nikolas"]
[Black "Schiffer, Stefan"]
[Result "1-0"]
[WhiteElo "2453"]
[BlackElo "2280"]
[PlyCount "103"]
[EventDate "2020.02.21"]
[EventType "swiss"]
[EventRounds "9"]
[EventCountry "GER"]
[SourceTitle "CBM 195 Extra"]
[Source "ChessBase"]
[SourceDate "2020.05.31"]
[SourceVersion "1"]
[SourceVersionDate "2020.05.31"]
[SourceQuality "1"]

1. Nf3 Nf6 2. g3 d5 3. Bg2 c6 4. 0-0 g6 5. d3 Bg7 6. Nbd2 0-0 7. e4 dxe4 8. dxe4 Qc7 9. Qe2 e5 10. b3 Re8 11. Rd1 b6 12. a4 Ba6 13. Nc4 c5 14. Nfd2 Nc6 15. Re1 Rad8 16. Nf1 h5 17. c3 Na5 18. Qa2 Nxc4 19. bxc4 h4 20. Ne3 hxg3 21. hxg3 Qd7 22. Nd5 Nxd5 23. cxd5 c4 24. Be3 f5 25. Bg5 Rc8 26. Qc2 Bb7 27. Rad1 Rc5 28. d6 Bxe4 29. Bxe4 fxe4 30. Be7 Bf8 31. Qxe4 Kg7 32. Bxf8+ Rxf8 33. Rd5 Rxd5 34. Qxd5 Qf5 35. Re2 Kf6 36. f4 Kg7 37. Qxe5+ Kg8 38. Qd4 Qd3 39. Qxd3 cxd3 40. Rd2 Kf7 41. Rxd3 Ke8 42. d7+ Kd8 43. Rd6 Rf5 44. Rxg6 Kxd7 45. Rg7+ Ke6 46. Rxa7 Rc5 47. Ra6 Kf5 48. Rxb6 Ke4 49. Kg2 Rxc3 50. Re6+ Kf5 51. Re5+ Kg4 52. Rg5# 1-0

[Event "Pfalz op-A 11th"]
[Site "Neustadt an der Weinstrasse"]
[Date "2020.02.23"]
[Round "4"]
[White "Schiffer, Stefan"]
[Black "Tresch, Lukas"]
[Result "1-0"]
[WhiteElo "2280"]
[BlackElo "2042"]
[PlyCount "57"]
[EventDate "2020.02.21"]
[EventType "swiss"]
[EventRounds "9"]
[EventCountry "GER"]
[SourceTitle "CBM 195 Extra"]
[Source "ChessBase"]
[SourceDate "2020.05.31"]
[SourceVersion "1"]
[SourceVersionDate "2020.05.31"]
[SourceQuality "1"]

1. e4 e5 2. Nf3 Nc6 3. Bc4 Bc5 4. c3 Nf6 5. d4 exd4 6. cxd4 Bb4+ 7. Nbd2 d5 8. exd5 Nxd5 9. 0-0 0-0 10. Ne4 Bg4 11. Ng3 Nb6 12. Be2 Re8 13. Be3 Qd7 14. h3 Bxf3 15. Bxf3 Rad8 16. Qb3 Be7 17. Rfd1 Bf6 18. Nh5 Be7 19. Rac1 g6 20. Ng3 a5 21. d5 Ne5 22. Bxb6 cxb6 23. Be2 Bc5 24. Bb5 Qe7 25. Bxe8 Qxe8 26. Ne4 Qe7 27. Nxc5 bxc5 28. Qb6 Qg5 29. Rc3 1-0

[Event "Pfalz op-A 11th"]
[Site "Neustadt an der Weinstrasse"]
[Date "2020.02.22"]
[Round "3"]
[White "Deuer, Marius"]
[Black "Schiffer, Stefan"]
[Result "1-0"]
[WhiteElo "2104"]
[BlackElo "2280"]
[PlyCount "53"]
[EventDate "2020.02.21"]
[EventType "swiss"]
[EventRounds "9"]
[EventCountry "GER"]
[SourceTitle "CBM 195 Extra"]
[Source "ChessBase"]
[SourceDate "2020.05.31"]
[SourceVersion "1"]
[SourceVersionDate "2020.05.31"]
[SourceQuality "1"]

1. d4 Nf6 2. c4 e6 3. Nc3 d5 4. Nf3 c6 5. e3 Nbd7 6. Qc2 Bd6 7. b3 0-0 8. Be2 e5 9. dxe5 Nxe5 10. cxd5 cxd5 11. Bb2 Nfg4 12. h3 Nxf3+ 13. Bxf3 Ne5 14. Bxd5 Qg5 15. 0-0-0 Qe7 16. Qe4 Nc6 17. Bxc6 bxc6 18. Qxc6 Bb8 19. Nd5 Qb7 20. Qc5 Re8 21. Ne7+ Kh8 22. Qg5 Qc7+ 23. Kb1 f6 24. Qxf6 Bf5+ 25. Ka1 Rg8 26. Qf7 Qe5 27. Qxg8# 1-0

[Event "Pfalz op 10th"]
[Site "Neustadt an der Weinstrasse"]
[Date "2019.03.04"]
[Round "6"]
[White "Scherer, Frank"]
[Black "Schiffer, Stefan"]
[Result "0-1"]
[WhiteElo "2072"]
[BlackElo "2261"]
[PlyCount "70"]
[EventDate "2019.03.01"]
[EventType "swiss"]
[EventRounds "9"]
[EventCountry "GER"]
[SourceTitle "CBM 189 Extra"]
[Source "ChessBase"]
[SourceDate "2019.06.03"]
[SourceVersion "1"]
[SourceVersionDate "2019.06.03"]
[SourceQuality "1"]

1. e4 c5 2. Nc3 Nc6 3. g4 e6 4. Bg2 a6 5. d3 Nge7 6. Be3 d6 7. Nge2 Qc7 8. f4 Bd7 9. Qd2 h5 10. gxh5 Rxh5 11. Ng3 Rh8 12. 0-0 Nd4 13. Nce2 Nxe2+ 14. Qxe2 g6 15. c3 Bg7 16. f5 gxf5 17. Nh5 Be5 18. d4 cxd4 19. cxd4 Bb5 20. Qd1 Bxf1 21. dxe5 Bxg2 22. exd6 0-0-0 23. dxc7 Rxd1+ 24. Rxd1 Bf3 25. Rd8+ Rxd8 26. cxd8Q+ Kxd8 27. Nf6 Bxe4 28. h4 Nd5 29. Bg5 Nxf6 30. Bxf6+ Kd7 31. Be5 Bf3 32. Kf2 Bh5 33. Ke3 Ke7 34. Bc3 f6 35. Kf4 Kf7 0-1

[Event "Erfurt op 28th"]
[Site "Erfurt"]
[Date "2018.12.29"]
[Round "7"]
[White "Schmid, Franz"]
[Black "Schiffer, Stefan"]
[Result "1/2-1/2"]
[WhiteElo "2176"]
[BlackElo "2264"]
[PlyCount "27"]
[EventDate "2018.12.26"]
[EventType "swiss"]
[EventRounds "8"]
[EventCountry "GER"]
[SourceTitle "CBM 188 Extra"]
[Source "ChessBase"]
[SourceDate "2019.02.26"]
[SourceVersion "1"]
[SourceVersionDate "2019.02.26"]
[SourceQuality "1"]

1. e4 c5 2. Nf3 g6 3. d4 cxd4 4. Nxd4 Nc6 5. c4 Nf6 6. Nc3 d6 7. Be2 Nxd4 8. Qxd4 Bg7 9. Be3 0-0 10. Qd2 a5 11. Rc1 a4 12. 0-0 Bd7 13. f3 Qa5 14. Rfd1 1/2-1/2